000 01240 a2200217 4500
001 54386
005 20260407155816.0
008 260407a1975 arg spa d
003 AR-UNSa-BCEJYS
040 _aAR-UNSa-BCEJYS
_bspa
_cAR-UNSa-BCEJYS
080 _a336.14
_xPresupuesto público. Presupuesto nacional
245 1 0 _aPlanificación y presupuesto por programas
250 _a6a. ed.
264 1 _aMéxico :
_bSiglo Veintiuno editores
_c1975
300 _axiii, 511 p.
_c23 cm.
505 _a1. Los problemas presupuestarios en América latina - 2. El proceso de planificación y el presupuesto gubernamental - 3. Experiencias en la utilización del presupuesto fiscal como herramienta de planificación - 4. Las clasificaciones del presupuesto - 5. Bases metodológicas del diagnóstico y proyecciones del presupuesto gubernamental - 6. La técnica del presupuesto por programas y actividades - 7. Aplicación de las técnicas de programación y control de procesos productivos al presupuesto por programas y actividades - 8. La estructura del presupuesto-programa - 9. Procedimientos y organización presupuestarios
041 _aspa
942 _cBK
590 _aniveau_biblio:m niveau_hierar:0
100 1 _aMartner, Gonzalo
999 _c5545
_d5545